Solar hydrogen energy (Record no. 53805)
[ view plain ]
| 000 -LEADER | |
|---|---|
| fixed length control field | 00551nam a2200193Ia 4500 |
| 001 - CONTROL NUMBER | |
| control field | 56492 |
| 008 - FIXED-LENGTH DATA ELEMENTS--GENERAL INFORMATION | |
| fixed length control field | 140506s9999 xx 000 0 und d |
| 020 ## - INTERNATIONAL STANDARD BOOK NUMBER | |
| International Standard Book Number | 0356200426 |
| 040 ## - CATALOGING SOURCE | |
| Transcribing agency | PK-LaUMT |
| 082 ## - DEWEY DECIMAL CLASSIFICATION NUMBER | |
| Classification number | MAL 033.792316 |
| Item number | BOC-S |
| 100 ## - MAIN ENTRY--PERSONAL NAME | |
| Personal name | Bockris, John O'M. |
| 245 ## - TITLE STATEMENT | |
| Title | Solar hydrogen energy |
| Remainder of title | the power to save the earth |
| Statement of responsibility, etc | Bockris, John O'M.<>Veziroglu, T. Nejat<>Smith, Debbi |
| 260 ## - PUBLICATION, DISTRIBUTION, ETC. (IMPRINT) | |
| Place of publication, distribution, etc | Bristol,GB: |
| Name of publisher, distributor, etc | Macdonald & Co., |
| Date of publication, distribution, etc | 1991 |
| 300 ## - PHYSICAL DESCRIPTION | |
| Extent | 147 p. |
| 546 ## - LANGUAGE NOTE | |
| Language note | EN |
| 700 ## - ADDED ENTRY--PERSONAL NAME | |
| Personal name | Smith, Debbi |
| 700 ## - ADDED ENTRY--PERSONAL NAME | |
| Personal name | Veziroglu, T. Nejat |
| 942 ## - ADDED ENTRY ELEMENTS (KOHA) | |
| Koha item type | Books |
| Withdrawn status | Lost status | Damaged status | Not for loan | Home library | Current library | Date acquired | Total Checkouts | Full call number | Barcode | Date last seen | Price effective from | Koha item type |
|---|---|---|---|---|---|---|---|---|---|---|---|---|
| UMT Main Campus | UMT Main Campus | 2014-05-06 | MAL 033.792316 BOC-S | 75456 | 2014-05-08 | 2014-05-08 | Books |
